Zonas húmedas españolas de importancia internacional (Record no. 11902)

MARC details
000 -LEADER
campo de control de longitud fija 00938nam a2200265 i 4500
001 - NÚMERO DE CONTROL
campo de control 11902
003 - IDENTIFICADOR DE NÚMERO DE CONTROL
campo de control ES-MaACL
005 - FECHA Y HORA DE LA ÚLTIMA TRANSACCIÓN
campo de control 20250928103949.0
007 - CAMPO FIJO DE DESCRIPCIÓN FÍSICA--INFORMACIÓN GENERAL
campo de control de longitud fija t|
008 - DATOS DE LONGITUD FIJA--INFORMACIÓN GENERAL
campo de control de longitud fija 921222s1990 sp ||||0| spa d
016 7# - NÚMERO DE CONTROL DE UNA AGENCIA BIBLIOGRÁFICA NACIONAL
Número de control cancelado/no válido CEN920178087
020 ## - NÚMERO INTERNACIONAL ESTÁNDAR DEL LIBRO
Número Internacional Estándar del Libro 84-404-7339-7
040 ## - FUENTE DE CATALOGACIÓN
Centro catalogador/agencia de origen CEN
Lengua de catalogación spa
Centro/agencia transcriptor CEN
080 ## - NÚMERO DE LA CLASIFICACIÓN DECIMAL UNIVERSAL
Número de la Clasificación Decimal Universal 556.54/.56(460)(036)
080 ## - NÚMERO DE LA CLASIFICACIÓN DECIMAL UNIVERSAL
Número de la Clasificación Decimal Universal 502.3(460)
100 1# - ENTRADA PRINCIPAL--NOMBRE DE PERSONA
Nombre de persona Hernández Soria, Miguel Ángel.
9 (RLIN) 63059
245 10 - MENCIÓN DEL TÍTULO
Título Zonas húmedas españolas de importancia internacional
Resto del título : (según criterios para avifauna) /
Mención de responsabilidad, etc. [autores, Miguel Angel Hernández Soria, José Antonio Pascual Trillo, Humberto da Cruz].
260 ## - PUBLICACIÓN, DISTRIBUCIÓN, ETC.
Lugar de publicación, distribución, etc. Madrid :
Nombre del editor, distribuidor, etc. Federación Amigos de la Tierra,
Fecha de publicación, distribución, etc. D.L. 1990.
300 ## - DESCRIPCIÓN FÍSICA
Extensión 80 p :
Otras características físicas il ;
Dimensiones 22 cm.
650 14 - PUNTO DE ACCESO ADICIONAL DE MATERIA--TÉRMINO DE MATERIA
Término de materia o nombre geográfico como elemento de entrada Zonas húmedas-
Subdivisión geográfica España.
9 (RLIN) 17865
700 1# - ENTRADA AGREGADA--NOMBRE PERSONAL
Nombre de persona Cruz, Humberto da.
9 (RLIN) 41792
700 0# - ENTRADA AGREGADA--NOMBRE PERSONAL
Nombre de persona Pascual, José Antonio,
Fechas asociadas al nombre 1958-
9 (RLIN) 89354
852 ## - LOCALIZACIÓN
Ubicación ES-MaACL
Número de control de estantería L-19160
Sublocalización o colección R.122458
Holdings
Estatus retirado Estado de pérdida Estado de daño No para préstamo Biblioteca de origen Biblioteca actual Ubicación en estantería Fecha de adquisición Fuente de adquisición Total de préstamos Signatura topográfica completa Código de barras Visto por última vez Precio de reemplazo Tipo de ítem Koha
        Biblioteca del Ateneo de Madrid Biblioteca del Ateneo de Madrid Depósito 2 17/01/2008     L-19160 1012129 23/02/2023 23/02/2023 Libro impreso